00453nam a2200121Ia 4500008004100000020001800041082001900059100002200078245007100100260003500171300001100206650011400217120629s9999 xx 000 0 und d a970-640-007-9 aC303.483 M894r aMoshinsky, Marcos aReflexiones sobre educacion, ciencia y sociedad / Marcos Moshinsky aMéxico : El Colegio Nacional a639 p. a1. CIENCIA Y CIVILIZACION-ENSAYOS \ 2. EDUCACION Y ESTADO-ENSAYOS \ 3. EDUCACION, SOCIOLOGIA DE LA-ENSAYOSÌ